[Event "HUN-ch Rapid 2018"]
[Site "Ajka"]
[Date "2018.07.21"]
[Round "10"]
[White "Erdos, Viktor"]
[Black "Gledura, Benjamin"]
[Result "1/2-1/2"]
[WhiteElo "2617"]
[BlackElo "2574"]
[Annotator "TA"]
[PlyCount "27"]
[EventDate "2018.07.20"]
[EventType "swiss"]
[EventCountry "HUN"]
[SourceTitle "playchess.com"]
[Source "ChessBase"]
[SourceQuality "1"]

{[%evp 19,23,1,9,20,20,13]} 1. Nf3 d5 2. d4 Nf6 3. c4 c6 4. Qb3 dxc4 5. Qxc4 Bg4 6. Nbd2 Nbd7 {D23: Angenommenes Damengambit} 7. g3 e6 8. Bg2 Be7 9. O-O O-O 10. b3 Rc8 {LiveBook: 21 Partien} 11. Bb2 b5 12. Qc2 {Vorgänger:} c5 $146 13. Rfc1 Qb6 14. a4 {½-½ (30) Sasikiran,K (2640)-Le,Q (2699) Al Ain 2015} 1/2-1/2

[Event "HUN-ch Rapid 2018"]
[Site "Ajka"]
[Date "2018.07.21"]
[Round "10"]
[White "Prohaszka, Peter"]
[Black "Csonka, Attila Istvan"]
[Result "1/2-1/2"]
[WhiteElo "2593"]
[BlackElo "2337"]
[Annotator "TA"]
[PlyCount "115"]
[EventDate "2018.07.20"]
[EventType "swiss"]
[EventCountry "HUN"]
[SourceTitle "playchess.com"]
[Source "ChessBase"]
[SourceQuality "1"]

{[%evp 13,115,7,10,9,8,-2,0,0,0,0,0,-8,4,0,0,0,0,0,28,-20,0,-21,0,0,0,0,0,-31,0,-20,41,24,30,23,35,7,15,6,12,16,51,18,45,45,66,44,45,52,52,52,52,52,54,16,14,21,37,0,0,0,0,3,6,0,0,0,0,0,0,-33,0,0,0,-25,-25,-31,-27,-49,23,0,14,-25,-25,-25,-25,-25,0,-25,-25,-25,-25,-25,0,0,0,-25,0,0,0,-25,0,0,0,-25]} 1. d4 Nf6 2. Bf4 e6 3. e3 b6 4. Nf3 Bb7 5. Be2 Be7 6. h3 O-O 7. O-O d6 {LiveBook: 16 Games} 8. a4 {A47: 1 d4 Nf6 2 Nf3 b6: Torre, London and Colle Systems} (8. c4 Nbd7 9. Nc3 Re8 10. Qc2 Bf8 11. Rfd1 Qc8 12. Bh2 e5 13. Rac1 g6 14. b4 Bg7 15. Qb3 h6 {1-0 (26) Grischuk,A (2795)-Kosteniuk,A (2541) Sochi 2014}) 8... a5 9. Na3 Nbd7 10. Bh2 $146 ({Predecessor:} 10. Nb5 Ne4 11. Nd2 e5 12. dxe5 dxe5 13. Bh2 Nec5 14. Nc4 {1-0 (38) Heinzel,O (2358)-Schmittdiel,E (2483) Austria 2004}) 10... Ne4 11. c4 f5 12. Nb5 Kh8 13. Rc1 Bf6 14. Nd2 Nxd2 15. Qxd2 Rc8 16. Bd3 Bg5 17. Rcd1 Qf6 18. Qe2 Qg6 19. Bc2 Bh4 {[%csl Gb7][%cal Rg6g2] [#]} 20. d5 (20. f3 {seems wilder.} e5 21. b3 Qh5 22. Qd2 Rf7 23. Qc3) 20... Bf6 (20... Nc5 {is interesting.} 21. b3 Bg5 22. g4 Qh6 23. f4 Be7) 21. b3 e5 (21... Nc5 $11) 22. g4 e4 23. f4 Nc5 24. Kh1 Ba6 25. Nd4 Bxd4 $1 26. Rxd4 Rce8 27. Rg1 Bc8 28. g5 Bd7 29. Bg3 {[%cal Bh2g3,Bg3e1,Be1c3][%mdl 32]} Re7 30. Be1 Be8 31. Bd1 Nd3 32. Bc3 h5 33. gxh6 Qxh6 34. Kh2 Rf6 35. Rg5 Qh7 36. Qg2 Rg6 37. Rxg6 (37. Bc2 {with more complications.} Nb4 38. Bxb4 axb4 39. Rd2 Rh6 40. Bd1) 37... Qxg6 38. Qxg6 Bxg6 39. Kg3 Kg8 40. h4 Kh7 41. Bc2 Nc5 42. Rd2 Bh5 43. Rh2 Re8 44. Kf2 Bg4 45. Ke1 Nd3+ (45... Rh8 $15) 46. Kd2 Nb4 47. Bb1 Kh6 48. Bd4 Na6 49. Kc3 Nb4 50. Rh1 Re7 51. Rg1 Kh5 52. Rh1 Bf3 53. Rg1 Bg4 54. Rh1 Bf3 55. Rg1 {And now Rg5+ would win.} Bg4 56. Rh1 Bf3 57. Rg1 {[#] Hoping for Rg5+.} Bg4 58. Rh1 {Precision: White = 55%, Black = 49%.} 1/2-1/2

[Event "HUN-ch Rapid 2018"]
[Site "Ajka"]
[Date "2018.07.21"]
[Round "10"]
[White "Papp, Gabor"]
[Black "Banusz, Tamas"]
[Result "1/2-1/2"]
[WhiteElo "2574"]
[BlackElo "2592"]
[Annotator "TA"]
[PlyCount "37"]
[EventDate "2018.07.20"]
[EventType "swiss"]
[EventCountry "HUN"]
[SourceTitle "playchess.com"]
[Source "ChessBase"]
[SourceQuality "1"]

{[%evp 23,37,0,31,38,64,54,54,54,56,11,45,39,64,45,61,50]} 1. c4 c5 2. Nf3 Nc6 3. g3 g6 4. Bg2 Bg7 5. Nc3 Nf6 6. O-O O-O 7. d4 cxd4 8. Nxd4 Qa5 9. Nb3 Qh5 10. e4 {A39: Englische Eröffnung (Symmetrische Variante)} (10. c5 a5 11. e3 a4 12. Nd4 Qxc5 13. Nxa4 Qa5 14. b3 e5 15. Bd2 Qa6 16. Nc5 Qa7 17. Nxc6 dxc6 {0-1 (70) Fedoseev,V (2718)-Svidler,P (2765) St Petersburg 2017}) 10... d6 11. Qxh5 Nxh5 12. c5 Rd8 {LiveBook: 3 Partien} 13. cxd6 exd6 {[#]} 14. Be3 $146 ({Vorgänger:} 14. Bg5 Bf6 15. Bxf6 Nxf6 16. Rad1 Be6 17. Nd4 Rac8 18. Nxe6 fxe6 {1-0 (39) Brunello,S (2552)-Hernandez Guerrero,G (2531) Durban 2014}) 14... Be6 15. Rfd1 Nf6 16. Nd4 Nxd4 17. Bxd4 {Weiß steht etwas besser.} Ne8 18. Bxg7 Kxg7 19. Rd2 1/2-1/2

[Event "HUN-ch Rapid 2018"]
[Site "Ajka"]
[Date "2018.07.21"]
[Round "10"]
[White "Ruck, Robert"]
[Black "Papp, Gellert"]
[Result "0-1"]
[WhiteElo "2570"]
[BlackElo "2324"]
[Annotator "TA"]
[PlyCount "92"]
[EventDate "2018.07.20"]
[EventType "swiss"]
[EventCountry "HUN"]
[SourceTitle "playchess.com"]
[Source "ChessBase"]
[SourceQuality "1"]

{[%evp 19,92,43,45,36,45,17,33,8,16,4,20,21,29,18,38,36,32,22,85,79,200,54,56,58,46,58,77,35,36,0,78,32,31,25,72,64,67,67,63,71,64,32,54,0,129,-58,-29,-13,0,0,0,0,0,0,1,-34,0,-77,-29,-37,-37,-37,-37,-37,-37,-39,0,0,0,-33,-33,-29976,-29977,-6319,-1235]} 1. Nf3 Nf6 2. c4 g6 3. d4 Bg7 4. g3 c5 5. Bg2 O-O 6. O-O cxd4 7. Nxd4 Nc6 8. Nc3 Ng4 9. e3 d6 10. Nde2 Bd7 {LiveBook: 6 Games. A39: Symmetrical English vs ...g6: 4 Bg2 Bg7 5 Nf3 Nf6 6 0-0 0-0 7 d4} 11. Bd2 $146 ({Predecessor:} 11. b3 a6 12. Bb2 Rb8 13. h3 Nf6 14. a4 Qa5 15. Rb1 Rfc8 16. Nf4 Qd8 17. Qe2 Ne5 18. Rfd1 {½-½ (31) Leutwyler,M (2571)-Aleshnia,V (2575) ICCF email 2009}) 11... a6 12. a4 Rb8 {The position is equal.} 13. h3 Nge5 14. b3 $1 Nd3 15. Rb1 Ncb4 16. Nd4 Qc8 17. Kh2 Qc5 18. Qe2 e5 {[#]} (18... Bc6 $11) 19. Nc2 $1 $16 {[%mdl 512]} Nxc2 (19... Bc6 $16 {was worth a try.}) 20. Qxd3 ({White must play} 20. Ne4 $18 Qc7 21. Qxd3) 20... Nb4 21. Qe2 $1 {Hoping for Ne4.} Bc6 22. e4 Nc2 23. Qd3 (23. b4 $5 Qb6 24. b5 axb5 25. axb5 $14 (25. cxb5 Bd7 $11)) 23... Nb4 $1 {[%cal Rb4d3]} 24. Qe2 Nc2 25. Bg5 (25. b4 $5 Qb6 26. Bg5 $14) 25... Nd4 26. Qd3 b5 27. cxb5 axb5 28. b4 Qa7 29. a5 f5 30. Be3 (30. exf5 $5 {[%cal Rg2c6]} Qa8 31. Bxc6 Qxc6 32. f4 $11) 30... f4 31. Bxd4 (31. gxf4 $14 exf4 32. Bxd4 Qxd4 33. Qxd4 Bxd4 34. Bf3) 31... exd4 {[#]} (31... Qxd4 $11 32. Rbd1 Bb7) 32. Nd5 $2 (32. Ne2 $1 $16) 32... Bxd5 $1 $15 33. exd5 Be5 34. Rbc1 Qe7 35. Bf3 {Threatening g4.} fxg3+ 36. fxg3 Qg5 37. Bg2 h5 {[%cal Bh7h5,Bh5h4][%mdl 32]} 38. a6 (38. Kh1 $11 {keeps the balance.}) 38... h4 $40 {[%cal Rg5g3][%mdl 128] Black attacks.} 39. a7 Ra8 40. Rxf8+ Rxf8 41. Ra1 Ra8 {[%cal Rg5g3]} 42. Kh1 Bxg3 43. Qxb5 Be5 $1 44. Qd3 {Black must now prevent b5.} Kg7 45. Qe4 $2 {[%mdl 8192]} (45. Ra2 $15 Qe7 46. Qa3) 45... Qg3 {[%csl Ge5][%cal Rg3h2]} 46. Kg1 Rf8 {Precision: White = 32%, Black = 53%.} (46... d3 $142 47. Rf1 Rxa7) 0-1

[Event "HUN-ch Rapid 2018"]
[Site "Ajka"]
[Date "2018.07.21"]
[Round "10"]
[White "Vertetics, Attila"]
[Black "Szelenyi, Norbert"]
[Result "0-1"]
[WhiteElo "2506"]
[BlackElo "2284"]
[Annotator "TA"]
[PlyCount "88"]
[EventDate "2018.07.20"]
[EventType "swiss"]
[EventCountry "HUN"]
[SourceTitle "playchess.com"]
[Source "ChessBase"]
[SourceQuality "1"]

{[%evp 10,88,23,11,30,16,26,9,13,-6,-9,-12,0,-2,0,-8,0,0,-7,-18,0,-17,-4,-6,5,0,21,13,13,14,14,6,6,6,6,0,0,0,6,6,6,6,6,6,6,6,6,6,6,6,10,6,6,6,6,6,6,6,6,6,6,6,7,6,7,25,20,7,7,7,14,-108,-103,-155,-155,-159,-159,-159,-160,-871,-871]} 1. d4 d5 2. c4 e6 3. Nc3 Bb4 4. cxd5 exd5 5. Nf3 c6 (5... Nf6 6. Bg5 h6 7. Bxf6 Qxf6 8. Qa4+ Nc6 9. e3 O-O 10. Be2 Be6 11. O-O a6 12. Rfc1 Bd6 13. Qd1 Ne7 14. Na4 b6 15. a3 Rfb8 16. b4 c6 17. Nb2 Bf5 18. Nd3 Bxd3 19. Bxd3 a5 20. Qb3 Qe6 21. h3 b5 {0-1 (48) Salem,A (2624)-Swiercz,D (2620) Berlin 2015}) 6. Bg5 {LiveBook: 4 Games. D31: Queen's Gambit Declined: Semi-Slav without ...Nf6 (+ Marshall Gambit and Noteboom) and Exchange Variation lines without ...Nf6} Ne7 7. e3 Bf5 8. Qb3 $146 {White has an edge.} ({Predecessor:} 8. Be2 Nd7 9. O-O Bd6 10. Nh4 Be6 11. Re1 h6 12. Bf4 {½-½ (29) Acosta,J (2139)-Mirkowski,P (2383) ICCF email 2017}) 8... Qb6 9. Be2 Bd6 10. Nd2 h6 11. Bh4 Nd7 12. Rc1 O-O 13. O-O Rfe8 14. Rfe1 Bg6 15. Bg3 Bxg3 16. hxg3 Qxb3 17. Nxb3 Nb6 18. Nc5 Rab8 19. g4 Nec8 20. Bf1 Nd6 21. b3 Re7 22. Bd3 Bxd3 23. Nxd3 f6 24. f3 Rbe8 25. Kf2 Kf7 26. Re2 Rd8 27. a4 a5 28. Nb1 Nd7 29. Nd2 Ra8 30. Nf1 Rae8 31. Ng3 g6 32. Rc3 Kg7 33. Re1 Kf7 34. Nc5 Rd8 35. Ne2 Rde8 36. Nf4 Nb6 37. Rh1 Kg7 38. Rb1 Kf7 39. Re1 Kg7 40. e4 (40. Rc2 $1 $11) 40... dxe4 $17 41. fxe4 (41. d5 $142) 41... Nxe4+ 42. Nxe4 Rxe4 43. Rxe4 Rxe4 44. Kf3 $2 {[#]} (44. g3 $17) 44... Rxf4+ $1 {[%mdl 512] Precision: White = 54%, Black = 71%.} 0-1

[Event "HUN-ch Rapid 2018"]
[Site "Ajka"]
[Date "2018.07.21"]
[Round "10"]
[White "Horvath, Adam"]
[Black "Medvegy, Zoltan"]
[Result "1-0"]
[WhiteElo "2479"]
[BlackElo "2542"]
[Annotator "TA"]
[PlyCount "83"]
[EventDate "2018.07.20"]
[EventType "swiss"]
[EventCountry "HUN"]
[SourceTitle "playchess.com"]
[Source "ChessBase"]
[SourceQuality "1"]

{[%evp 9,83,-33,-28,-33,-27,-43,-23,-22,-22,-69,-44,-84,-84,-82,-82,-83,-72,-63,-58,-78,-32,-80,44,46,37,22,53,45,62,-5,59,59,61,47,53,0,0,0,0,0,40,0,0,0,0,-41,42,26,39,25,27,35,34,10,44,50,33,0,154,149,147,142,1083,1285,1277,1270,1203,1200,1067,1073,29990,29991,29991,29992,29995,29996]} 1. e4 c5 2. Nf3 Nf6 3. Qe2 (3. Nc3 d5 4. exd5 Nxd5 5. Bb5+ Bd7 6. Ne5 Bxb5 7. Qf3 f6 8. Nxb5 Na6 9. Qh5+ g6 10. Nxg6 hxg6 11. Qxh8 Qd7 12. Nc3 Nab4 13. O-O Nxc2 14. Rb1 {½-½ (54) Caruana,F (2816)-Mamedyarov,S (2808) Leuven 2018}) 3... Nc6 4. g3 d5 5. e5 $146 ({Predecessor:} 5. exd5 Nxd5 6. Bg2 g6 7. O-O Bg7 8. Nc3 Nc7 9. d3 O-O 10. Be3 b6 11. Qd2 {½-½ (58) Liu,C (2334)-Zhao,Z (2544) Danzhou 2016}) 5... Ng8 6. Bg2 {B29: Sicilian: 2 Nf3 Nf6 (Nimzowitsch Variation)} Bg4 7. c3 Qc7 8. O-O {Black has an edge.} e6 9. Re1 Nge7 10. h3 Bxf3 11. Bxf3 Ng6 {[%cal Rg6e5]} 12. Bg2 h5 ({Don't play} 12... Ngxe5 $6 13. f4 $11) 13. h4 Qxe5 14. Qd1 Qd6 (14... Qf5 {feels hotter.} 15. d4 Be7 16. Be3 O-O 17. Bf1 e5) 15. d4 O-O-O (15... cxd4 $17 16. cxd4 Be7) 16. dxc5 $14 Qxc5 17. Be3 Qd6 18. Na3 {[%mdl 1024] White has compensation.} Qd7 19. Qa4 (19. b4 $14) 19... Kb8 (19... Bxa3 $11 20. Qxa3 Qc7) 20. b4 {b5 is the strong threat.} b6 21. Qb3 Bd6 22. Nb5 ({White should play} 22. c4 $14) 22... Nce5 $11 23. Nxd6 Qxd6 24. Bd4 f6 25. Qb1 Ne7 $1 26. a4 Nf5 27. a5 {[#] Black must now prevent axb6.} (27. Bxe5 $5 fxe5 28. c4 $11) 27... Nxd4 (27... b5 $1 $15) 28. cxd4 $14 Nc4 29. axb6 Qxb6 30. b5 Rhe8 31. Ra6 Qxd4 32. Raxe6 Rxe6 33. Rxe6 Rd7 $2 (33... Qb2 $1 $11 34. Qxb2 Nxb2) 34. Qg6 {Intending Qe8+ and mate.} Qd1+ 35. Kh2 {White threatens Qe8+ and mate.} Rc7 $2 {[%mdl 8192] [#]} (35... Nd6 $16) 36. Qe8+ $1 $18 Kb7 37. Qd8 Nb6 38. Re8 {[%csl Ge8][%cal Rd8b8]} Rc8 39. Re7+ Kb8 40. Qd6+ {White mates.} Ka8 41. Rxg7 Qd4 42. Qe7 {Precision: White = 62%, Black = 39%.} 1-0

[Event "HUN-ch Rapid 2018"]
[Site "Ajka"]
[Date "2018.07.21"]
[Round "10"]
[White "Horvath, Peter"]
[Black "Dankhazi, Andras"]
[Result "1-0"]
[WhiteElo "2438"]
[BlackElo "2361"]
[Annotator "TA"]
[PlyCount "123"]
[EventDate "2018.07.20"]
[EventType "swiss"]
[EventCountry "HUN"]
[SourceTitle "playchess.com"]
[Source "ChessBase"]
[SourceQuality "1"]

{[%evp 18,123,-13,-6,34,34,111,114,100,100,118,106,199,199,203,207,196,201,219,214,269,268,268,271,248,228,225,241,279,267,333,269,269,269,269,269,269,269,269,269,271,271,251,251,248,244,281,281,281,266,393,393,385,385,741,741,741,741,1271,1257,1249,1237,1200,1193,1193,1178,1133,1093,975,728,3071,645,7156,6598,6705,5799,2058,1727,29938,29941,29937,12848,12845,12841,12804,12507,12041,10714,10689,1768,10689,7842,29963,5097,1500,0,29963,29967,29967,29968,29964,29967,29962,29956,29977,5102,29976,29977]} 1. d4 Nf6 2. c4 e6 3. Nc3 Bb4 4. Bg5 c5 5. d5 d6 6. e3 exd5 7. cxd5 Nbd7 8. Bd3 Qa5 9. Nge2 {E30: Nimzo-Indian: Leningrad Variation} Nxd5 10. O-O {LiveBook: 64 Games} Nxc3 (10... Bxc3 11. bxc3 c4 12. Bc2 O-O 13. Bh4 Nxc3 14. Nxc3 Qxc3 15. Rc1 Qa5 16. Qxd6 Qe5 17. Bg3 Qxd6 18. Bxd6 Re8 19. Rfd1 b5 20. a4 a6 21. Rb1 Nf6 22. axb5 axb5 23. Rxb5 Be6 {½-½ (23) Volkov,S (2607)-Tiviakov,S (2613) Algiers 2016}) 11. bxc3 {White is slightly better.} Bxc3 (11... Ba3 $14) 12. Nxc3 $16 Qxc3 13. Bb5 O-O 14. Be7 $146 ({Predecessor:} 14. Qxd6 Qe5 15. Qxe5 Nxe5 16. Be7 a6 17. Bxf8 Kxf8 {1-0 (49) Mendes,A (2018)-Juliani,S (1848) Brasilia 2018}) 14... a6 {[#]} (14... Qa5 $16) 15. Bxd7 $1 $18 ({Resist} 15. Bxf8 $6 Nxf8 16. Be2 Qe5 $14) 15... Bxd7 16. Bxf8 Rxf8 17. Qxd6 Be6 18. Rfc1 Qb2 19. Rab1 ({Don't play} 19. Qxc5 h6 $18) 19... Qxa2 20. Rxb7 h6 21. Qxc5 Rc8 22. Rc7 Rxc7 23. Qxc7 {[%mdl 4096] Endgame KQR-KQB} a5 24. Qb8+ Kh7 25. Qb1+ Qxb1 26. Rxb1 {KR-KB} a4 27. Ra1 Bb3 28. Kf1 Kg6 29. Ke2 Kf5 30. Kd3 Ke5 31. f3 h5 32. g3 g6 33. Kc3 f6 (33... g5 $142 34. h4 gxh4 35. gxh4 f6) 34. Kb4 g5 35. Rc1 g4 $2 (35... Kf5 36. e4+ Ke5 37. Rc5+ Ke6) 36. Rc5+ Ke6 37. f4 f5 38. Ra5 Bc2 39. Kc3 Bb3 40. Kd4 Bc2 41. Ra6+ Ke7 42. Kc3 Bb3 43. Kb4 Kf7 44. Rh6 Kg7 45. Rxh5 Kg6 46. Rh4 Bd1 47. h3 gxh3 48. Rxh3 Bc2 49. Rh2 Bd1 50. Rd2 Bb3 51. Rd7 Bc2 52. Ra7 Bb3 53. Kc3 (53. Rxa4 $142 Bd1 54. Ra5) 53... Bd1 54. Ra5 Bb3 {[#]} 55. Kd4 (55. g4 $142 $1 fxg4 56. Rg5+ Kf6 57. Rxg4 Bf7 58. Kb4 Be6 59. Rg5 Bd7 60. Ra5) 55... Bc2 56. Kc3 (56. Kc4 $18 Kf6 57. Ra6+ Kf7 58. Kc3) 56... Bb3 $1 {[#]} 57. g4 $1 fxg4 58. Rg5+ Kf6 59. Rxg4 Kf5 60. Rg5+ Ke4 61. Re5+ Kf3 62. f5 {Precision: White = 87%, Black = 36%.} 1-0

[Event "HUN-ch Rapid 2018"]
[Site "Ajka"]
[Date "2018.07.21"]
[Round "10"]
[White "Mihok, Oliver"]
[Black "Varga, Klara"]
[Result "1-0"]
[WhiteElo "2426"]
[BlackElo "2183"]
[Annotator "TA"]
[PlyCount "101"]
[EventDate "2018.07.20"]
[EventType "swiss"]
[EventCountry "HUN"]
[SourceTitle "playchess.com"]
[Source "ChessBase"]
[SourceQuality "1"]

{[%evp 24,101,18,16,56,60,49,55,114,114,116,112,148,149,247,252,252,250,253,256,258,245,257,239,222,226,298,285,214,305,289,293,339,344,451,451,438,450,426,374,373,371,357,363,300,275,280,288,288,285,272,266,266,248,360,336,432,404,698,681,645,647,689,672,657,652,703,696,829,744,870,856,4133,4133,2893,2536,1876,1868,2395,1185]} 1. Nf3 d5 2. b3 Nf6 3. Bb2 e6 4. c4 Be7 5. g3 O-O 6. Bg2 c5 7. cxd5 Nxd5 8. O-O Nc6 9. Nc3 Bf6 10. Qc1 b6 11. Nxd5 exd5 12. d4 Nxd4 {A14: English Opening: 1...e6 with b3 by White} (12... Ba6 13. Re1 Re8 14. dxc5 Bxb2 15. Qxb2 bxc5 16. Rac1 Qa5 17. Ng5 Nb4 18. Qd2 Rad8 19. a3 Qxa3 20. Rxc5 Re7 21. Bxd5 {1-0 (29) Gershon,A (2444)-Greenfeld,A (2521) Israel 2018}) 13. Nxd4 {LiveBook: 9 Games} Bxd4 14. Bxd4 cxd4 {White is slightly better.} 15. Rd1 {[%cal Bf1d1,Bd1d4,Bd4f4][%mdl 32]} Ba6 $146 ({Black should play} 15... Qf6 $14) ({Predecessor:} 15... Bb7 16. Rxd4 Qe7 17. Qd2 Rfd8 18. Rd1 Qe6 19. Bxd5 Rxd5 20. Rxd5 Bxd5 21. Qxd5 Qxd5 22. Rxd5 {1-0 (57) Le Roux,J (2220)-Lourdel,A France 1997}) 16. Rxd4 $16 Bxe2 17. Bxd5 {[#] aiming for Qd2.} ({Much worse is} 17. Rxd5 $6 Qf6 $11) 17... Qf6 18. Rf4 Qe5 (18... Rac8 $16 {was worth a try.} 19. Rxf6 Rxc1+ 20. Rxc1 gxf6) 19. Bxa8 $18 Rxa8 20. Qe1 Re8 21. Rc1 g5 22. Ra4 a5 23. Qc3 Qxc3 24. Rxc3 {[%mdl 4096] Endgame KRR-KRB} Bb5 25. Rd4 Re1+ 26. Kg2 Bf1+ 27. Kf3 Be2+ 28. Ke4 g4 29. Kf5 Bf3 30. Re3 {Kf6 would kill now.} Rc1 31. Rd6 Kg7 32. Re7 Rc5+ 33. Kf4 Rc2 34. Rdd7 (34. Rxb6 $6 Rxf2 35. Rd6 h6 $18) 34... Rxf2 {Black wants to play ...Bc6+.} 35. Rxf7+ Kg6 {And now ...Bg2+ would win.} 36. Rg7+ ({Don't play} 36. Rxh7 Bc6+ 37. Kxg4 Bxd7+ 38. Rxd7 Rxa2 $18) 36... Kf6 {intending ...Bc6+.} 37. Rdf7+ ({Less strong is} 37. Rxh7 Bc6+ 38. Kxg4 Bxd7+ 39. Rxd7 Rxh2 $16) 37... Ke6 {Threatens to win with ...Bd1+.} 38. Re7+ Kd6 (38... Kf6 {keeps fighting.}) 39. Rxh7 Rxa2 40. h4 a4 (40... Bd5 $142 41. h5 Rf2+ 42. Kxg4 Be6+ 43. Rxe6+ Kxe6) 41. bxa4 {White is clearly winning.} Rxa4+ 42. Kg5 b5 43. Ra7 Re4 44. Ra6+ Kc5 45. Rc7+ Kd4 46. h5 {[%cal Bh4h5,Bh5h6,Bh6h7][%mdl 32]} Ke3 47. h6 Kf2 48. h7 Re8 {[#]} 49. Re7 $3 {[%mdl 512]} Rh8 (49... Rxe7 50. h8=Q) 50. Kh4 b4 51. Rb6 {Precision: White = 96%, Black = 45%.} 1-0

[Event "HUN-ch Rapid 2018"]
[Site "Ajka"]
[Date "2018.07.21"]
[Round "10"]
[White "Bagi, Mate"]
[Black "Czebe, Attila"]
[Result "1/2-1/2"]
[WhiteElo "2394"]
[BlackElo "2488"]
[Annotator "TA"]
[PlyCount "42"]
[EventDate "2018.07.20"]
[EventType "swiss"]
[EventCountry "HUN"]
[SourceTitle "playchess.com"]
[Source "ChessBase"]
[SourceQuality "1"]

{[%evp 9,42,54,51,33,40,42,50,43,38,37,41,38,31,44,45,11,41,10,47,38,76,59,92,72,97,70,58,20,43,35,37,-12,0,-35,-5]} 1. e4 g6 2. d4 Bg7 3. Nc3 Nc6 4. d5 Nb8 5. Nf3 d6 {LiveBook: 13 Games} 6. Be2 {B06: Modern Defence} (6. Bg5 c6 7. Be2 Nf6 8. O-O Bg4 9. Re1 Nbd7 10. Nd2 Bxe2 11. Qxe2 h6 12. Bf4 O-O {0-1 (68) Ma,Z (2465)-Lu,S (2620) China 2017}) 6... c6 7. O-O Qc7 $146 ({Predecessor:} 7... Nf6 8. Be3 O-O 9. a4 a5 10. Nd2 Nbd7 11. Nc4 Qc7 12. Re1 Re8 13. Bd4 e6 14. dxe6 Rxe6 15. Bf1 Rb8 16. Qd2 b6 {1-0 (57) Hoang,T (2470)-Paschall,W (2374) Budapest 2006}) 8. Be3 {White is slightly better.} Nf6 9. h3 O-O 10. Re1 a6 11. a4 $36 {[%cal Ba2a4,Ba4a5][%mdl 2080] White is more active.} Nbd7 12. Qc1 cxd5 13. exd5 Nb6 14. Rd1 Bf5 15. a5 Nc4 {[#]} 16. Bxc4 $1 Qxc4 17. Ra4 Qc7 18. Rh4 {Black should prevent Bh6.} Rfc8 19. Nd4 {Hoping for Bh6.} Bd7 20. Bh6 {[#] aiming for Bxg7.} Bh8 21. Re1 Re8 {Precision: White = 39%, Black = 61%.} 1/2-1/2

[Event "HUN-ch Rapid 2018"]
[Site "Ajka"]
[Date "2018.07.21"]
[Round "10"]
[White "Jakab, Attila"]
[Black "Almasi, Istvan"]
[Result "1-0"]
[WhiteElo "2363"]
[BlackElo "2416"]
[Annotator "TA"]
[PlyCount "75"]
[EventDate "2018.07.20"]
[EventType "swiss"]
[EventCountry "HUN"]
[SourceTitle "playchess.com"]
[Source "ChessBase"]
[SourceQuality "1"]

{[%evp 18,75,34,0,21,-6,17,20,31,31,35,20,54,54,56,64,58,16,14,19,19,0,0,0,58,52,49,49,52,50,63,64,64,62,129,141,157,157,158,160,145,145,145,145,236,235,239,249,5137,4134,1996,1508,6091,5281,29977,6341,29982,29983,29985,29986]} 1. d4 Nf6 2. c4 e6 3. Nc3 Bb4 4. e3 O-O 5. Bd3 c5 6. Nf3 d5 7. O-O Nc6 8. a3 Ba5 9. h3 Qe7 {E56: Nimzoindisch (Moderne Variante)} (9... Re8 10. cxd5 exd5 11. dxc5 Bxc3 12. bxc3 Qa5 13. Rb1 Qxc5 14. Rb5 Qe7 15. c4 a6 16. Rxd5 Nxd5 17. cxd5 Ne5 18. Nxe5 Qxe5 {1-0 (39) Wang,H (2732)-Hou,Y (2612) Danzhou 2011}) 10. Qe2 {LiveBook: 3 Partien} Rd8 11. Rd1 cxd4 {Die Stellung ist ausgeglichen.} 12. exd4 dxc4 13. Bxc4 Bb6 {[%cal Rc6d4]} 14. Be3 $146 ({Vorgänger:} 14. Bg5 Bxd4 15. Ne4 h6 16. Bh4 g5 17. Bg3 Nxe4 18. Qxe4 Bxb2 19. Rxd8+ Qxd8 {1-0 (33) Hoi,C (2445)-Hector,J (2465) Tastrup 1990}) 14... Bd7 15. Bg5 Be8 {[%cal Rb6d4]} 16. d5 exd5 17. Qxe7 (17. Bxf6 {feels hotter.} gxf6 18. Nxd5 Qxe2 19. Bxe2 Nd4 20. Nxf6+ Kh8 21. Nxd4 Rxd4 22. Nxe8 Rxe8 23. Kf1) 17... Nxe7 18. Bxf6 gxf6 19. Nxd5 Nxd5 20. Bxd5 Ba4 (20... Rab8 $11) 21. b3 $36 {[%mdl 2048] Weiss hat Initiative.} ({Nur nicht} 21. Bxb7 $2 Rxd1+ 22. Rxd1 Rb8 $19) 21... Bc6 22. Bxc6 bxc6 23. Nh4 Rd4 24. Rxd4 Bxd4 {[%mdl 4096] Endspiel KTL-KTS} 25. Rd1 Rd8 {[#]} (25... Bb2 $14) 26. Kf1 $1 $16 Rd5 {[#]} 27. g4 $1 Kf8 28. Nf5 Bb2 29. Rxd5 cxd5 {KL-KS} 30. a4 Bc1 (30... Ke8 $16) 31. Ke2 $18 Ke8 32. Ne3 Bxe3 $2 (32... Kd7 33. Nxd5 Ke6) 33. Kxe3 {KB-KB} ({Nicht} 33. fxe3 Kd7 $18) 33... Kd7 34. Kd4 Ke6 35. b4 {[%cal Bb3b4,Bb4b5][%mdl 32]} f5 36. gxf5+ Kxf5 37. Kxd5 Kf4 38. b5 {Precision: Weiß = 70%, Schwarz = 19%.} 1-0